Statistics for Finnish Presidents

Click here to take the quiz!

General Stats

  • This quiz has been taken 24 times
  • The average score is 10 of 12

Answer Stats

HintAnswer% Correct
1.3.2000–1.3.2012Tarja Halonen
100%
4.8.1944–4.3.1946Carl Gustav Erik Mannerheim
95%
1.3.2012-Sauli Niinistö
95%
1.3.1956–27.1.1982Urho Kekkonen
90%
1.3.1937–19.12.1940Kyösti Kallio
86%
19.12.1940–1.8.1944Risto Ryti
86%
25.7.1919–2.3.1925K. J. Ståhlberg
81%
1.3.1994–1.3.2000Martti Ahtisaari
81%
27.1.1982–1.3.1994Mauno Koivisto
81%
11.3.1946–1.3.1956J. K. Paasikivi
76%
2.3.1931–1.3.1937P. E. Svinhufvud
71%
2.3.1925–2.3.1931Lauri Kristian Relander
67%

Score Distribution

Percentile by Number Answered

Percent of People with Each Score

Your Score History

You have not taken this quiz